书目信息 |
| 题名: |
欧洲简史
|
|
| 作者: | 罗杰·劳·威廉斯 | |
| 分册: | ||
| 出版信息: | 长春 吉林人民出版社 1975 |
|
| 页数: | 381 | |
| 开本: | 20cm | |
| 丛书名: | ||
| 单 册: | ||
| 中图分类: | K4 | |
| 科图分类: | ||
| 主题词: | 非洲--历史 | |
| 电子资源: | ||
| ISBN: | ||
| 000 | 00564nam0 2200193 450 | |
| 001 | 0757995392 | |
| 005 | 20071007160635.39 | |
| 010 | @d1.15 | |
| 100 | @a20071007d km y0chiy0120 ea | |
| 101 | 0 | @achi |
| 200 | 1 | @a欧洲简史@Aou zhou jian shi@e拿破仑以后@f罗杰·劳·威廉斯@Fluo jie·lao·wei lian si |
| 210 | @a长春@c吉林人民出版社@d1975 | |
| 215 | @a381@d20cm | |
| 517 | 1 | @a拿破仑以后@Ana po lun yi hou |
| 606 | 0 | @a非洲@x历史 |
| 690 | @aK4@v3 | |
| 701 | 0 | @a罗杰·劳·威廉斯@Aluo jie·lao·wei lian si |
| 801 | 0 | @aCN@bPFT@c20071007 |
| 905 | @a213230@dK4@ea5@f1 | |
| 欧洲简史:拿破仑以后/罗杰·劳·威廉斯.-长春:吉林人民出版社,1975 |
| 381;20cm |
| ISBN :1.15 |
| ● |
| 相关链接 |
|
|
|
|
正题名:欧洲简史
索取号:K4/a5
 
预约/预借
| 序号 | 登录号 | 条形码 | 馆藏地/架位号 | 状态 | 备注 |
| 1 | 7508654 | 275086540 | 密集书库-史法系/ [索取号:K4/a5] | 在馆 |